Education and the muslim diaspora: (Record no. 160792)

MARC details
000 -LEADER
fixed length control field 00771nam a22002057a 4500
005 - DATE AND TIME OF LATEST TRANSACTION
control field 20190502150212.0
010 ## - LCCN (DPL NO)
LC control number ENG-124802
020 ## - INTERNATIONAL STANDARD BOOK NUMBER
International Standard Book Number 9788186772904
Terms of availability 695.00
035 ## - SYSTEM CONTROL NUMBER
System control number EN-108334
037 ## - SOURCE OF ACQUISITION
Source of stock number/acquisition DBAD/PUB
082 ## - DEWEY DECIMAL CLASSIFICATION NUMBER
Classification number 371.828297
100 ## - MAIN ENTRY--PERSONAL NAME
Personal name Ahmed Sahidul
245 ## - TITLE STATEMENT
Title Education and the muslim diaspora:
Remainder of title in search of holistic approaches for an inclusive development/
Statement of responsibility, etc by Ahmed Sahidul [and] De Tinku
260 ## - PUBLICATION, DISTRIBUTION, ETC. (IMPRINT)
Place of publication, distribution, etc New Delhi
Name of publisher, distributor, etc New Academic Publishers
Date of publication, distribution, etc 2016
270 ## - ADDRESS
Address 4760-61, 23, Ansari Road, Daryaganj
City New Delhi
Postal code 110002
Telephone number 011-23282663, 22413394
Electronic mail address napindia@newacademicpublishers.com
300 ## - PHYSICAL DESCRIPTION
Extent viii,152p.
Dimensions 22cm(Hb)
500 ## - GENERAL NOTE
General note includes bibliographical references
700 ## - ADDED ENTRY--PERSONAL NAME
Personal name De Tinku
942 ## - ADDED ENTRY ELEMENTS (KOHA)
Source of classification or shelving scheme Dewey Decimal Classification
Item type English Books
Classification part 371.828297
Call number suffix AHM
Holdings
Withdrawn status Lost status Not for loan Collection code Home library Current library Date acquired Source of acquisition Cost, normal purchase price Full call number Barcode Copy number Cost, replacement price Koha item type
    Not For Loan Non-fiction D.B.Act.Division Ashok Vihar 11/02/2019 DBAD/PUB 695.00 371.828297 AHM EN-108334 1 695.00 English Books

© Delhi Public Library
Hit Counter
free hit counter